Spell the Marvel Character #198 - Statistics

General Stats
  • This quiz has been taken 18 times
  • The average score is 8 of 9
Answer Stats
Picture Answer % Correct
Beast
100%
Deadpool
100%
Falcon
100%
Invisible Woman
100%
Firebird
94%
Ironheart
94%
Red She-Hulk
94%
Elsa Bloodstone
81%
Red Wolf
56%
No matching quizzes found
Score Distribution
Percent of People with Each Score
Percentile by Number Answered
Your Score History
You have not taken this quiz